Crime in India, 1988 (Record no. 507314)

000 -LEADER
fixed length control field 00301nam a2200109 4500
082 ## - DEWEY DECIMAL CLASSIFICATION NUMBER
Classification number N2065x54 1988
100 ## - MAIN ENTRY--PERSONAL NAME
Personal name India. National Crime Records Bureau
9 (RLIN) 1396
245 ## - TITLE STATEMENT
Title Crime in India, 1988
Statement of responsibility, etc by Ministry of Home Affairs
260 ## - PUBLICATION, DISTRIBUTION, ETC. (IMPRINT)
Place of publication, distribution, etc New Delhi
Name of publisher, distributor, etc Government of India
300 ## - PHYSICAL DESCRIPTION
Extent 220p.
942 ## - ADDED ENTRY ELEMENTS (KOHA)
Source of classification or shelving scheme
Holdings
Withdrawn status Lost status Source of classification or shelving scheme Damaged status Koha normalized classification for sorting Not for loan Permanent location Current location Date acquired Full call number Barcode Date last seen Price effective from Koha item type
        N_2065X54_1988_000000000000000   Indian Institute of Public Administration Indian Institute of Public Administration 2019-02-08 N2065x54 1988 GG33886 2019-02-08 2019-02-08 GG

Powered by Koha